| 000 | 00766nam a2200253Ia 4500 | ||
|---|---|---|---|
| 003 | OSt | ||
| 005 | 20220926010250.0 | ||
| 006 | a|||||r|||| 00| 0 | ||
| 007 | ta | ||
| 008 | 220923b |||||||| |||| 00| 0 eng d | ||
| 020 |
_a8189000136 _c595.00 |
||
| 037 |
_b31, 29/07/2006, J.K. BOOK INTERNATIONAL _cGeneral Book |
||
| 040 |
_aRTL _cRTL _beng |
||
| 041 |
_2eng _aeng |
||
| 082 | _aX:54.1.P, P4 | ||
| 100 |
_aSachdeva N K _9312015 |
||
| 245 | 0 | _aInternational economic | |
| 260 |
_a New Delhi _bVishvabharti Publications India _c2004 |
||
| 300 |
_avi,424p _ccm. |
||
| 650 | _a Foreign Trade | ||
| 650 | _aCommerce | ||
| 942 |
_hX:54.1.P, P4 _cGB _2CC |
||
| 999 |
_c616853 _d616853 |
||